La crisis del estado (Record no. 34866)
[ view plain ]
| 000 -CABECERA | |
|---|---|
| campo de control de longitud fija | 00897nam a22003377a 4500 |
| 003 - IDENTIFICADOR DEL NÚMERO DE CONTROL | |
| campo de control | OSt |
| 005 - FECHA Y HORA DE LA ÚLTIMA TRANSACCIÓN | |
| campo de control | 20220406155210.0 |
| 008 - DATOS DE LONGITUD FIJA--INFORMACIÓN GENERAL | |
| campo de control de longitud fija | 220406b ||||| |||| 00| 0 spa d |
| 040 ## - FUENTE DE LA CATALOGACIÓN | |
| Centro/agencia transcriptor | Biblioteca Ernesto Sábato |
| 092 ## - SIGNATURA TOPOGRÁFICA | |
| Número de clasificación | 320.531 |
| Libristica | P874 |
| Sector | JLS |
| 100 ## - Autor Personal | |
| Nombre de persona | Paulantzas, Nicos |
| 245 ## - MENCIÓN DE TÍTULO | |
| Título | La crisis del estado |
| 250 ## - MENCIÓN DE EDICIÓN | |
| Mención de edición | 1a. ed. |
| 260 ## - PUBLICACIÓN, DISTRIBUCIÓN, ETC. (PIE DE IMPRENTA) | |
| Lugar de publicación, distribución, etc. | Buenos Aires |
| Nombre del editor, distribuidor, etc. | Fontanella |
| Fecha de publicación, distribución, etc. | 1976 |
| 300 ## - DESCRIPCIÓN FÍSICA | |
| Paginas | 395 p. |
| 440 ## - MENCIÓN DE SERIE/PUNTO DE ACCESO ADICIONAL--TÍTULO | |
| Título | Libros de confrontación. Filosofía |
| Número de parte o sección de la obra | ; 9 |
| 650 ## - Descriptores Tematicos | |
| Término de materia o nombre geográfico como elemento inicial | ESTADOS-CRISIS |
| 650 ## - Descriptores Tematicos | |
| Término de materia o nombre geográfico como elemento inicial | JLS/ |
| 700 ## - Coautores y traductores | |
| Nombre de persona | Suzanne de Brunhoff |
| 700 ## - Coautores y traductores | |
| Nombre de persona | Christine Buci-Glucksmann |
| 700 ## - Coautores y traductores | |
| Nombre de persona | Manuel Castells |
| 700 ## - Coautores y traductores | |
| Nombre de persona | Dominique Charvet |
| 700 ## - Coautores y traductores | |
| Nombre de persona | Michel Cretin |
| 700 ## - Coautores y traductores | |
| Nombre de persona | Jean-Pierre Delilez |
| 700 ## - Coautores y traductores | |
| Nombre de persona | Renaud Dulong |
| 700 ## - Coautores y traductores | |
| Nombre de persona | Joachim Hirsch |
| 700 ## - Coautores y traductores | |
| Nombre de persona | Alain Joxe |
| 700 ## - Coautores y traductores | |
| Nombre de persona | Jacques Sallois |
| 700 ## - Coautores y traductores | |
| Nombre de persona | Jean-Marie Vincent |
| 942 ## - ELEMENTOS DE PUNTO DE ACCESO ADICIONAL (KOHA) | |
| Fuente del sistema de clasificación o colocación | Dewey Decimal Classification |
| Tipo de ítem Koha | JLS |
| Estado de retiro | Estado de pérdida | Fuente del sistema de clasificación o colocación | Estado dañado | No para préstamo | Localización permanente | Ubicación/localización actual | Fecha de adquisición | Número de inventario | Total de préstamos | Signatura topográfica completa | Código de barras | Fecha visto por última vez | Precio válido a partir de | Tipo de ítem Koha |
|---|---|---|---|---|---|---|---|---|---|---|---|---|---|---|
| Dewey Decimal Classification | Biblioteca Ernesto Sabato - FADECS - UNCOMA | Biblioteca Ernesto Sabato - FADECS - UNCOMA | 06/04/2022 | 1802 | 320.531 P874 | 1802 | 06/04/2022 | 06/04/2022 | JLS |